ARRUPE JESUIT UNIVERSITY

CORONAVIRUS -STOP THE SPREAD - CLEAN,DISINFECT,COVER
Normal view MARC view

Entry Topical Term

Number of records used in: 1

001 - CONTROL NUMBER

  • control field: 44713

003 - CONTROL NUMBER IDENTIFIER

  • control field: ARRUPE

005 - DATE AND TIME OF LATEST TRANSACTION

  • control field: 20190218121320.0

008 - FIXED-LENGTH DATA ELEMENTS

  • fixed length control field: 190218|| aca||aabn | a|a d

040 ## - CATALOGING SOURCE

  • Original cataloging agency: ARRUPE
  • Transcribing agency: ARRUPE

150 ## - HEADING--TOPICAL TERM

  • Topical term or geographic name as entry element: Rock art
  • Geographic subdivision: Nyasaland

670 ## - SOURCE DATA FOUND

  • Source citation: Work cat.: (ARRUPE)63990: Goodall, Elizabeth ... (et al.) 44711, Prehistoric rock art of the federation of Rhodesia and Nyasaland, 1959

 

Arrupe Library. PO Box MP320 Mt Pleasant, Harare, Zimbabwe
263 242 745411|librarian@aju.ac.zw